Bergson, politics, and religion / (Record no. 120611)
[ view plain ]
| 000 -LEADER | |
|---|---|
| fixed length control field | 02399cam a22003134a 4500 |
| 001 - CONTROL NUMBER | |
| control field | 17099714 |
| 003 - CONTROL NUMBER IDENTIFIER | |
| control field | ARRUPE |
| 005 - DATE AND TIME OF LATEST TRANSACTION | |
| control field | 20150818020028.0 |
| 008 - FIXED-LENGTH DATA ELEMENTS--GENERAL INFORMATION | |
| fixed length control field | 111228s2012 ncu b 001 0 eng |
| 010 ## - LIBRARY OF CONGRESS CONTROL NUMBER | |
| LC control number | 2011053301 |
| 020 ## - INTERNATIONAL STANDARD BOOK NUMBER | |
| International Standard Book Number | 9780822352563 (cloth : alk. paper) |
| 020 ## - INTERNATIONAL STANDARD BOOK NUMBER | |
| International Standard Book Number | 9780822352754 (pbk. : alk. paper) |
| 040 ## - CATALOGING SOURCE | |
| Original cataloging agency | NcD/DLC |
| Transcribing agency | NcD |
| 042 ## - AUTHENTICATION CODE | |
| Authentication code | pcc |
| 050 00 - LIBRARY OF CONGRESS CALL NUMBER | |
| Classification number | B2430.B43 |
| Item number | B426 2012 |
| 082 00 - DEWEY DECIMAL CLASSIFICATION NUMBER | |
| Classification number | 194 |
| Edition number | 23 |
| 300 ## - PHYSICAL DESCRIPTION | |
| Dimensions | 24 cm. |
| 245 00 - TITLE STATEMENT | |
| Title | Bergson, politics, and religion / |
| Statement of responsibility, etc | Alexandre Lefebvre and Melanie White, editors. |
| 260 ## - PUBLICATION, DISTRIBUTION, ETC. (IMPRINT) | |
| Place of publication, distribution, etc | Durham : |
| Name of publisher, distributor, etc | Duke University Press, |
| Date of publication, distribution, etc | 2012. |
| 300 ## - PHYSICAL DESCRIPTION | |
| Extent | vi, 337 p. ; |
| 504 ## - BIBLIOGRAPHY, ETC. NOTE | |
| Bibliography, etc | Includes bibliographical references and index. |
| 505 0# - FORMATTED CONTENTS NOTE | |
| Formatted contents note | The closed and the open in the two sources of morality and religion : a distinction that changes everything / Frédéric Worms -- Bergson, the void, and the politics of life / Suzanne Guerlac -- Equally circular : Bergson and the vague inventions of politics / John Mullarkey -- The art of the future / Claire Colebrook -- Bergson as philosopher of war and theorist of the political / Philippe Soulez -- Anarchy and analogy : the violence of language in Bergson and Sorel / Hisashi Fujita -- Asceticism and sexuality : "cheating nature" in Bergson's The two sources of morality and religion / Leonard Lawlor -- Creative freedom : Henri Bergson and democratic theory / Paulina Ochoa Espejo -- Bergson's critique of practical reason / Carl Power -- Bergson and human rights / Alexandre Lefebvre -- Bergson and Judaism / Vladimir Jankélévitch-- Bergson and Nietzsche on religion : critique, immanence, and affirmation / Keith Ansell-Pearson and Jim Urpeth -- Assurance and confidence in the two sources of morality and religion: a sociological interpretation of the distinction between static religion and dynamic religion / Frédéric Keck -- Tuning into other worlds : Henri Bergson and the radio reception theory of consciousness / G. William Barnard -- James, Bergson, and an open universe / Paola Marrati. |
| 600 10 - SUBJECT ADDED ENTRY--PERSONAL NAME | |
| Personal name | Bergson, Henri, |
| Dates associated with a name | 1859-1941 |
| General subdivision | Political and social views. |
| 9 (RLIN) | 10584 |
| 600 10 - SUBJECT ADDED ENTRY--PERSONAL NAME | |
| Personal name | Bergson, Henri, |
| Dates associated with a name | 1859-1941 |
| General subdivision | Religion. |
| 9 (RLIN) | 10585 |
| 700 1# - ADDED ENTRY--PERSONAL NAME | |
| Personal name | Lefebvre, Alexandre, |
| Dates associated with a name | 1979- |
| 9 (RLIN) | 10586 |
| 700 1# - ADDED ENTRY--PERSONAL NAME | |
| Personal name | White, Melanie Allison, |
| Dates associated with a name | 1970- |
| 9 (RLIN) | 10587 |
| 906 ## - LOCAL DATA ELEMENT F, LDF (RLIN) | |
| a | 7 |
| b | cbc |
| c | orignew |
| d | 1 |
| e | ecip |
| f | 20 |
| g | y-gencatlg |
| 942 ## - ADDED ENTRY ELEMENTS (KOHA) | |
| Source of classification or shelving scheme | Library of Congress Classification |
| Koha item type | Monograph ( Printed materials) |
| Koha issues (borrowed), all copies | 1 |
| Withdrawn status | Lost status | Source of classification or shelving scheme | Damaged status | Not for loan | Collection code | Home library | Current library | Shelving location | Date acquired | Total Checkouts | Full call number | Barcode | Date last seen | Date checked out | Price effective from | Koha item type |
|---|---|---|---|---|---|---|---|---|---|---|---|---|---|---|---|---|
| Library of Congress Classification | Main Collection | ARRUPE LIBRARY | ARRUPE LIBRARY | Main Collection | 04/06/2014 | 4 | B2430.B43 B426 2012 | 46500000653 | 15/10/2015 | 24/09/2015 | 04/06/2014 | Monograph ( Printed materials) |